LEADER 01412nam a2200289 u 4500 001 000000029273 003 CaOOAMICUS 005 20130930120032.0 008 970221s1979 it u000 u ita u 035 $a10752771 040 $aPUL$bita 100 1 $aPanella, Emilio,$cO.P.$0(OLS)http://pul/name/6165 245 10$aPer lo studio di fra Remigio dei Girolami (+1319) :$bcontra falsos ecclesiae professores cc. 5-37. 260 $aPistoia :$bMemorie domenicane,$c1979. 300 $a313 p. ;$c23 cm 490 1 $aMemorie domenicane.$aN.S. ;$v10 500 $aComprende indici 504 $aBibliografia p. 287-294 600 14$aGirolami, Remigio,$cO.P.,$dc. 1235-c. 1319.$0(OLS)http://pul/subject/16829 740 0 $aVII centenario della fondazione di S. Maria Novella in Firenze (1279-1979),$n1. 830 0$aMemorie domenicane.$pN.S. ;$v10.$0(OLS)http://pul/title/40050 850 $aPUL 852 $aPUL$W1$xDP1 Fondo Maccarrone$y58$m1510 D 26$j40539$nBK-PRI$b $qFondi$B40539$CPULBib$Z2$F40539 $H $81 941 1 $a1 996 $6245$aPer lo studio di fra Remigio dei Girolami (+1319) :$bcontra falsos ecclesiae professores cc. 5-37$9(OLS)http://pul/title/40049 996 $6740$aVII centenario della fondazione di S. Maria Novella in Firenze (1279-1979),$n1$9(OLS)http://pul/title/40051 996 $6260$aPistoia :$bMemorie domenicane$9(OLS)http://pul/publisher/60317 LEADER 01329nam a2200313 u 4500 001 000000043071 003 CaOOAMICUS 005 20070226114409.0 008 990319s1985 it u000 u ita u 020 $a8870309843 035 $a10817504 040 $aPUL(R)$bita 245 00$aMetamorfosi della democrazia / :$bG. Campanini ... [et al.] ; a cura e con introduzione di Giorgio Tonini. 260 $aMilano :$bMassimo,$c1985. 300 $a232 p. ;$c20 cm 490 1 $aLe ragioni e i giorni ;$v4 500 $aContiene indici. 504 $aBibliografia in nota. 650 4$aDemocrazia.$0(OLS)http://pul/subject/11947 700 1 $aCampanini, Giorgio,$d1930-$0(OLS)http://pul/name/113 700 1 $aTonini, Giorgio.$0(OLS)http://pul/name/23610 830 3$aLe ragioni e i giorni ;$v4.$0(OLS)http://pul/title/57797 850 $aPUL 852 $aPUL$W1$xDP1 Cons. Gen., Altre Classi 1$y22$m44 H 29$j58074$nBK-PRI$b $qStampati$B58074$CPULBib$Z2$F58074 $H $81 941 1 $a8 961 $aINV: 65383 996 $6020$a8870309843$9(OLS)http://pul/number/53721 996 $6245$aMetamorfosi della democrazia / :$bG. Campanini ... [et al.] ; a cura e con introduzione di Giorgio Tonini$9(OLS)http://pul/title/58098 996 $6260$aMilano :$bMassimo$9(OLS)http://pul/publisher/48143